01015nmm a2200277Ia 4500008004100000020001800041041000800059100003300067245011500100264007900215300001800294650004300312700003300355700003400388700003900422700001800461700002700479700003500506700002900541700002600570700003800596700002800634856005100662942000700713999001700720251105s9999||||xx |||||||||||||||||und|| a9789587813500 aspa aVillamizar Salamanca, Carlos 0aPolíticas, espacios y prácticas de memoria: Disputas y tránsitos actuales en Colombia y América Latina a[Bogotá, Colombia] :bEditorial Pontificia Universidad Javeriana, c2019 a326 páginas aHistory of the Americas: Latin America aVillamizar Salamanca, Carlos1 a Jaramillo Marín, Jefferson1 a Pérez Benavides, Amada Carolina1 a Rufer, Mario1 a Torres, Johanna Paola1 a Vargas Álvarez, Sebastián1 a Escobar Neira, Fernando1 a González, Gabriela1 a Acevedo Arango, Óscar Fernando1 a Guarín Martínez, O uhttps://public.digitaliapublishing.com/a/60656 cCF c72424d72424